Pathways to astronomy

Pathways to Astronomy is designed more like a series of mini-lectures instead of a monograph of the entire field of astronomy. The same material covered in other introductory astronomy texts is included, but this is broken up into smaller self-contained units. These units are woven together to flow...

Cur síos iomlán

Đã lưu trong:
Sonraí Bibleagrafaíochta
Príomhúdar: Schneider, Stephen E.
Formáid: Leabhar
Teanga:Undetermined
Foilsithe: Boston McGraw Hill 2007
Ábhair:
Clibeanna: Cuir Clib Leis
Gan Chlibeanna, Bí ar an gcéad duine leis an taifead seo a chlibeáil!
Thư viện lưu trữ: Trung tâm Học liệu Trường Đại học Cần Thơ
LEADER 01375nam a2200205Ia 4500
001 CTU_168535
008 210402s9999 xx 000 0 und d
020 |c 50.00 
082 |a 520 
082 |b S358 
100 |a Schneider, Stephen E. 
245 0 |a Pathways to astronomy 
245 0 |c Stephen E. Schneider, Thomas T. Arny 
260 |a Boston 
260 |b McGraw Hill 
260 |c 2007 
520 |a Pathways to Astronomy is designed more like a series of mini-lectures instead of a monograph of the entire field of astronomy. The same material covered in other introductory astronomy texts is included, but this is broken up into smaller self-contained units. These units are woven together to flow naturally for the person who wants to read the text like a book, but it is also possible to assign them in different orders, or skip certain units altogether. Professors can customize the units to fit their course needs. They can select individual units for exploration in lecture while assigning easier units for self-study, or they can cover all the units in full depth in a content-rich course. With the short length of units, students can easily digest the material covered in an individual unit before moving onto the next unit. 
650 |a Astronomy,Thiên văn học 
904 |i Trọng Hải 
980 |a Trung tâm Học liệu Trường Đại học Cần Thơ